[Event "FIDE World Cup-C"]
[Site "Hyderabad"]
[Date "2002.10.12"]
[Round "3"]
[White "Anand, Viswanathan"]
[Black "Kasimdzhanov, Rustam"]
[Result "1-0"]
[WhiteElo "2755"]
[BlackElo "2653"]
[Annotator "Anand,V"]
[PlyCount "60"]
[EventDate "2002.10.05"]
[EventType "tourn"]
[EventRounds "5"]
[EventCountry "IND"]
[EventCategory "16"]
[SourceTitle "CBM 092"]
[Source "ChessBase"]
[SourceDate "2003.02.06"]
[SourceVersion "1"]
[SourceVersionDate "2003.02.06"]
[SourceQuality "1"]

1. e4 {Rogozenko.  After my loss to Sasikiran the previous day, I was suddenly
facing a real disaster - not even making the knockout stage. Every game was
now critically important.} c5 2. Nf3 Nc6 3. d4 cxd4 4. Nxd4 Nf6 5. Nc3 e5 {
These days, it's no longer a surprise to see that someone added the Sveshnikov
to their repertoire. Anyway, he had already used it against Hamdouchi in the
first round.} 6. Ndb5 d6 7. Bg5 a6 8. Na3 b5 9. Bxf6 gxf6 10. Nd5 Bg7 11. Bd3
Ne7 12. Nxe7 Qxe7 13. O-O O-O 14. c4 {14.c3 is the quieter alternative.} f5 15.
Qf3 {This line has an extremely forcing character. We now follow the main line.
} bxc4 {Rogozenko: 'Starting a long forced line, considered ok for Black until
the present game.'} 16. Nxc4 d5 17. exd5 e4 18. Qe3 Bb7 19. d6 Qf6 20. Bc2 f4
21. Qh3 Rac8 22. b3 Qg5 {I haven't commented on these moves, since they have
all been played before.} 23. d7 $1 {This is where the game really begins.
White used to play Rad1 here, but this move contains an important detail.
Rogozenko: 'White inevitably used to play first 23.Rad1 here, but Anand's
novelty will probably change the evaluation of the entire line. In this sharp
and complicated variation improvements were always in the air, but one could
hardly guess that a novelty will have such a strong impact - Black seems to be
in troubles already.'} (23. Rad1 f5 24. d7 Rcd8 {Has been doing fine for Black
recently, for example Shirov-Topalov Dortmund 2002}) 23... Rc6 {Kasimdzhanov
was surprised, but found this move by elimination. Rogozenko: 'This logical
continuation is refuted by Anand's concrete play. Other possible moves doesn't
bring much relief either.'} (23... Rcd8 24. Nd6 $1 {The point} Bc6 25. Nxe4
Bxe4 26. Bxe4 $18) (23... Rxc4 24. bxc4 Bxa1 25. Rxa1 Rd8 26. Ba4 $16) (23...
Rc5 24. Rad1 Bd5 25. Rxd5 Qxd5 26. Rd1 Bd4 (26... Qa8 27. Bxe4 Qxe4 28. d8=Q
$18) 27. Qg4+ Kh8 28. Qxf4 Rd8 29. Nb6 Qe6 30. Bxe4 Qxb6 31. Rxd4 Qe6 32. Bd3
Rxd7 33. Rxd7 Qxd7 34. Qh6 $1) (23... Rc7 {Rogozenko} 24. Rad1 Rd8 (24... Bd5 {
Rogozenko} 25. Nd6 $1 (25. Rxd5 {Rogozenko} Qxd5 26. Rd1 Bd4 27. Qg4+ Kh8 28.
Qxf4 Rxd7 29. Bxe4 Bxf2+ $1 30. Kxf2 Qxd1 31. Qf6+ Kg8 {is only a draw for
White}) 25... Rxc2 26. Qf5 $1 Qxf5 27. Nxf5 Rd8 28. Rxd5 {The endgame looks
hopeless for Black, since White has a strong domination on light squares.} Kf8
29. Re1 Rxa2 30. h3 Ra1 31. Rxa1 Bxa1 32. Ra5 $18 {[%csl Rf8]}) 25. Nd6 Rc3 26.
g3 {or 26.f3} fxg3 27. hxg3 $18 {All these lines show that the move played by
Kasimdzanov remains the only attempt for Black. As it failed too, probably
Black must find an improvement earlier. The open question remains when
exactly?  Quite a blow for devotees of the line 10. ... Bg7.}) 24. Bxe4 Rh6 25.
Qf5 {Forced. White needs to nudge the Black queen to gain time to play h3.} (
25. Qf3 Bxe4 26. Qxe4 Re6 $1 {White can't play Qd4 now.} ({Not} 26... Bxa1 27.
Rxa1 Re6 28. Qd4 $16) 27. Qd3 Bxa1 28. Rxa1 Rd8 29. Rd1 Qb5 $1 {Thanks to
White's weak back rank, he will lose the d7 pawn} 30. h3 Re7 31. Qf3 Rdxd7 32.
Rxd7 Qxd7 33. Qxf4 {Black isn't worse here.}) 25... Qh4 (25... Qxf5 {Rogozenko}
26. Bxf5 Bxa1 27. Rxa1 {The pawn on d7 is just too strong.} Rh5 28. Nd6 Bc6 29.
Rc1 $18) 26. h3 Rf6 $2 {Played after a really long think. He had been trying
to evaluate the queen sacrifice line (Qe5 and Qxe6 or even the immediate Qxf6)
I hadn't considered this move at all and now I spent a good 10 minutes on
various tries like 27.Qc5, Qa5 and Qe5.} (26... Rh5 27. Qg4 Bxe4 28. Qxh4 Rxh4
29. Rad1 $1 {Kasimdzhanov and I discussed this briefly. Later, that evening
Kasimdzhanov analysed this very deeply and told me his conclusions at dinner.
Black is in trouble here.} (29. Nd6 {Before the game, I had spent more time on
this move, since it was so study-like, though I was aware that 29.Rad1 was
possible.} Bc6 (29... Bxa1 30. Ne8 Bg7 31. d8=Q Rh6 32. Re1 Bc6 33. Kh2 Re6 34.
Rxe6 fxe6 35. Qd6 Bxe8 36. Qxe6+ Bf7 37. Qxa6 $16) 30. Nf5 Bxa1 31. Rxa1 {
Kasimdzhanov had seen this far, but couldn't see anything better than an
ending a pawn down.} Rxh3 $1 (31... Bxd7 32. Nxh4 $16) 32. Ne7+ Kg7 33. Nxc6
Rd3 34. d8=Q Rdxd8 35. Nxd8 Rxd8 $11) 29... Rd8 30. Rfe1 f5 31. f3 Bc3 (31...
Bc6 32. Rd6 $16) 32. Re2 Bc6 33. Rc2 {This is even simpler.} (33. Rd6 Rxd7 34.
Rxc6 Rd1+ 35. Kh2 Be1 (35... Bd4 36. g3) 36. Rxe1 Rxe1 37. Rxa6 {
Kasimdzhanov's analyses went even further, but basically White is much better.}
) 33... Bf6 (33... Bg7 34. Nd6 Rxd7 35. Rxc6 Rh6 36. Rd5 $1 Bf8 37. Nxf5 $18)
34. Nb6 Bb7 35. Rc7 Bxf3 36. gxf3 $16) (26... Bxe4 27. Qxe4 Re6 28. Qd5 Bxa1
29. Rxa1 $16 {Now that White has played h3, he can defend the pawn on d7.}) 27.
d8=Q $1 {He hadn't seen this and in fact it took a while before I saw this
move, but what a pleasant surprise it was! I quickly checked it and then
executed it.} (27. Qc5 Bxe4 28. Qxf8+ Bxf8 29. d8=Q Rg6 $1 $19 30. Qxh4 Rxg2+
31. Kh1 Rxf2+ 32. Kg1 Rg2+ 33. Kh1 Rxa2+ 34. Kg1 Bc5+ 35. Qf2 Bxf2+ 36. Rxf2
Rxa1+ 37. Rf1 Rxf1+ 38. Kxf1 Bd3+ $19) (27. Qe5 Re6 28. Qxe6 fxe6 29. Bxb7 Bxa1
30. Rxa1 {White has enough compensation here and in fact Black has to fight
for a draw. However, a clear evaluation is difficult to give.}) (27. Qa5 Bxe4
28. d8=Q f3 {This may be even stronger.} (28... Rg6 {Black has at least a draw
with this move.} 29. Qxh4 Rxg2+ 30. Kh1 Rxf2+ 31. Kg1 Rg2+ 32. Kh1 Rf2+ {
With a draw}) {and in fact I don't see anything better than} 29. Rfe1 (29. Qxf6
Bxf6 30. g3 Qxh3 31. Ne3 Re8) (29. Rfd1 fxg2 30. f3 Qxh3 $17) 29... fxg2 30. f4
Qxh3 31. Rxe4 Qh1+ 32. Kf2 Qxa1 33. Kxg2 Rg6+ 34. Qdg5 $15) 27... Rxd8 28. Qa5
{The point, White inverts the order.} Bxe4 (28... Rd7 29. Bxb7 Rxb7 30. Qd8+
Bf8 31. Ne5 $18 (31. Rae1 Qh6 32. Re8 $18)) 29. Qxd8+ Bf8 30. f3 Bf5 {And
resigned before I could execute 31.Nd6} 1-0

[Event "Vojvodina-ch 7th"]
[Site "Novi Sad"]
[Date "2016.07.20"]
[Round "8"]
[White "Sredojevic, Ivan"]
[Black "Atalik, Suat"]
[Result "0-1"]
[WhiteElo "2342"]
[BlackElo "2564"]
[Annotator "Atalik,S"]
[PlyCount "96"]
[EventDate "2016.07.15"]
[EventType "swiss"]
[EventRounds "9"]
[EventCountry "YUG"]
[SourceTitle "CBM 174"]
[Source "ChessBase"]
[SourceDate "2016.09.13"]
[SourceVersion "1"]
[SourceVersionDate "2016.09.13"]
[SourceQuality "1"]

1. e4 c5 2. Nf3 Nc6 3. d4 cxd4 4. Nxd4 Nf6 5. Nc3 e5 {Cheliabinsk... long time
not seen!} 6. Ndb5 d6 7. Bg5 a6 8. Na3 b5 9. Nd5 $5 ({Ivan does not like} 9.
Bxf6 gxf6 10. Nd5) 9... Be7 10. Bxf6 Bxf6 11. c3 {The classical approach} (11.
c4 b4 12. Nc2 {surpasses the text in popularity.}) 11... Bg5 12. Nc2 Rb8 {
In the 70's, we tried} ({to prevent} 12... O-O 13. a4) 13. a4 $5 (13. Be2 O-O
14. O-O a5 15. Qd3 (15. Na3 b4 $5) 15... Be6 16. Rfd1 b4 $5) 13... bxa4 14.
Ncb4 (14. Nce3 $5) 14... Nxb4 15. cxb4 (15. Nxb4 Bd7 16. Bxa6 Qa5 17. Qxd6 Rb6
18. Qd3 Be7 19. Nd5 Rxb2 20. O-O Qc5 21. Rab1 Rxb1 22. Rxb1 O-O 23. Bb5 Bxb5
24. Rxb5 Qa7 25. Qe3 Qd7 26. Ra5 Rb8 $11 {is worked out till a draw.}) 15...
O-O 16. Qxa4 $6 ({He had a game with} 16. Rxa4 a5 $1 17. b5 (17. h4 Bh6 18. b5
Kh8 19. Be2 Be6) 17... Bd7 18. Nc3 d5 19. Nxd5 Be7 $5 (19... Bxb5 20. Bxb5 Rxb5
$11 {Being dissatisfiedwith the outcome of the opening in that game against
experienced GM V. Kostic, he goes in for another plan possibly without having
analysed it enough.})) 16... Bb7 17. Bc4 (17. Rd1 Qc8 $1 {Ly-Vidit, Gibraltar
2016.}) 17... Qc8 $1 {With Black having threats on the kingside like ...Qg4,
White's job is not easy.} 18. Be2 $2 ({The only way to keep the balance is} 18.
Qb3 $1 Qg4 19. Qf3 Qxf3 20. gxf3 Bxd5 21. Bxd5 Rxb4 22. Rxa6 Rxb2 23. O-O $11 {
This variation is a good explanation why for almost 35 years I did not touch
this line.}) 18... Bxd5 19. exd5 Qb7 20. Bc4 $2 {After this it is all over!} ({
The last chance is} 20. O-O $142 $8 Qxd5 (20... Qxb4 21. Qxb4 Rxb4 22. Rfb1 Ra8
23. Rxa6 Rxa6 24. Bxa6 f5 25. b3 $15) 21. Bxa6 Qe6 $17) 20... Qxb4+ 21. Qxb4
Rxb4 22. b3 Ra8 $19 23. Ke2 a5 24. Ra3 Bd8 25. Rha1 (25. g4 g6) 25... Rab8 26.
Kd3 f5 27. f3 R4b7 28. Re1 g6 29. Re2 Kg7 30. Raa2 Kf6 31. Ra1 Re7 32. Ree1 Bb6
33. Ra4 Bc5 $1 {the little skewer trick allows Black to improve the position.}
34. Raa1 (34. Rxa5 $4 Bb4 $19) 34... Bb4 35. Re2 Rbe8 36. Bb5 e4+ 37. fxe4
fxe4+ 38. Kd4 Rb8 39. Rf1+ Kg7 40. Bc4 e3 $1 {The same strategy but still
effective.} 41. Kd3 (41. Rxe3 $4 Bc5+ $19) 41... Bd2 42. g3 Rb4 43. Ra1 Rc7 44.
Ra2 h5 {Black has to move his king from the 7th rank before} ({going for} 44...
a4 $2 45. Rxa4 Rcxc4 46. Ra7+ $18) 45. Rg2 Kf6 46. Rc2 Ke5 47. Re2 Rcxc4 $1 48.
Rcxd2 $5 ({There are too many pawns for the exchange in the most obvious line.
} 48. Rxc4 Rxb3+ 49. Kc2 Rb4 (49... Ra3 50. Kb2 Kxd5) 50. Rxb4 (50. Rf4 Rxf4
51. gxf4+ Kd4 52. Rg2 Bb4 $19) 50... axb4 $19) 48... Re4 $1 0-1

[Event "Olympiad-36"]
[Site "Mallorca"]
[Date "2004.10.17"]
[Round "3"]
[White "Vasquez Schroder, Rodrigo Rafael"]
[Black "Atakisi, Umut"]
[Result "0-1"]
[WhiteElo "2546"]
[BlackElo "2304"]
[Annotator "Atlas,V"]
[PlyCount "96"]
[EventDate "2004.10.15"]
[EventType "team-swiss"]
[EventRounds "14"]
[EventCountry "ESP"]
[SourceTitle "CBM 104"]
[Source "ChessBase"]
[SourceDate "2005.01.27"]
[SourceVersion "1"]
[SourceVersionDate "2005.01.27"]
[SourceQuality "1"]
[WhiteTeam "Chile"]
[BlackTeam "Turkey"]
[WhiteTeamCountry "CHI"]
[BlackTeamCountry "TUR"]

1. e4 c5 2. Nf3 Nc6 3. d4 cxd4 4. Nxd4 Nf6 5. Nc3 e5 6. Ndb5 d6 7. Bg5 a6 8.
Na3 b5 9. Bxf6 gxf6 10. Nd5 Bg7 11. Bd3 Ne7 12. Nxe7 Qxe7 13. c4 f5 14. O-O O-O
15. Qf3 d5 16. cxd5 fxe4 17. Bxe4 Rb8 18. Rfd1 Qd7 19. d6 Rb6 20. Qd3 Rd8 21.
Rac1 Bf8 22. Rxc8 Rxc8 23. Bxh7+ Kg7 24. Be4 Rxd6 25. Qg3+ Kh8 26. Qxe5+ Bg7
27. Qh5+ Kg8 28. Rf1 Qe7 29. Bb1 Rd2 30. Qh7+ Kf8 31. Nc2 Re8 32. Ne3 Rxf2 $6 (
{More ambitious was} 32... Rxb2 33. Nf5 Qg5 {, keeping an edge. After the text
move White gets better chances.}) 33. Rxf2 Qxe3 34. Qf5 Qa7 35. Kf1 Re5 36. Qd3
Qe7 37. Qd2 Re6 38. Qc1 Rd6 39. Bf5 Qd8 40. Bg4 Bh6 41. Qc5 Kg8 42. Qh5 $6 (42.
g3 {/\Kg2 deserved attention here.}) 42... Rf6 43. Bf5 Be3 44. Qg4+ Kf8 45.
Qb4+ Kg7 46. Rf3 $4 ({A serious mistake elegantly refuted by Black. Correct was
} 46. Qg4+ Kf8 47. Qb4+ {, with a draw by perpetual.}) {[%tqu "En","Black is a
pawn down, but the active placement of his pieces is much more important. How
can Black finish the game victoriously?","Eliminate the white bishop to get
access to the key d3-square.","Use your rook for the decisive strike!","f6f5",
"This nice sacrifice breaks White's fragile defensive construction.",5]} 46...
Rxf5 $1 {[%csl Rd3,Gd8,Ge3,Rf1,Rf3,Gf5] A nice move, winning a piece.} 47. Rxf5
(47. Qg4+ {fails to} Rg5) 47... Qd1+ $1 ({Much weaker was} 47... Qd3+ 48. Ke1
Qxf5 49. Qc3+ {, with equality.}) 48. Qe1 Qd3+ 0-1

[Event "Bundesliga 0405"]
[Site "Germany"]
[Date "2005.02.13"]
[Round "11.8"]
[White "Brendel, Oliver"]
[Black "Loeffler, Stefan"]
[Result "0-1"]
[WhiteElo "2340"]
[BlackElo "2432"]
[Annotator "Atlas,V"]
[PlyCount "58"]
[EventDate "2004.11.12"]
[EventType "team-tourn"]
[EventRounds "15"]
[EventCountry "GER"]
[SourceTitle "CBM 106"]
[Source "ChessBase"]
[SourceDate "2005.06.06"]
[SourceVersion "1"]
[SourceVersionDate "2005.06.06"]
[SourceQuality "1"]
[WhiteTeam "Hofheim"]
[BlackTeam "Kreuzberg"]
[WhiteTeamCountry "GER"]
[BlackTeamCountry "GER"]

1. e4 c5 2. Nf3 e6 3. d4 cxd4 4. Nxd4 Qb6 5. Nc3 Nc6 6. Nb3 Nf6 7. Be3 Qc7 8.
Bd3 Bb4 9. O-O Bxc3 10. bxc3 b6 11. f4 d6 12. Qf3 Bb7 13. Qg3 Qe7 14. Nd4 O-O-O
15. Nb5 a6 16. a4 (16. e5 {was a good alternative to the text move. war eine
gute Alternative zum Textzug.}) 16... axb5 17. Bxb6 (17. axb5 {deserved
serious attention here. verdiente hier ernste Aufmerksamkeit.}) 17... bxa4 18.
Rxa4 d5 19. e5 Ne4 20. Bxe4 dxe4 21. Qe3 ({Auf} 21. Bxd8 Rxd8 22. Qxg7 {
is strongly met by folgt stark} e3 {, with counterplay. mit Gegenspiel.}) 21...
f5 22. Bc5 $2 ({An appealing move which, however, turns out to be a mistake.
Better was Ein verlockender Zug, der sich allerdings als Fehler entpuppt.
Besser war} 22. exf6 gxf6 23. Bxd8) 22... Qd7 23. Bd6 {[%tqu "En","Black is a
piece up, but White's attack is very dangerous. How can he neutralize White's
threats?","Exploit the shaky position of the a4-rook.","A courageous knight
jump is the best defense in this position.","c6e5","This move parries White's
threats and decides the outcome of the battle in Black's favor.",6,"De",
"Schwarz hat eine Figur mehr, aber der gegnerische Angriff ist sehr gefährlich.
Wie kann der Nachziehende die weißen Drohungen neutralisieren?","Nutzen Sie
die ungedeckte Stellung des Turmes a4 aus.","Ein couragierter Rösselsprung ist
die beste Verteidigung in dieser Stellung.","c6e5","Dieser Zug pariert die
weißen Drohungen und entscheidet den Ausgang des Kampfes zu Gunsten von
Schwarz.",6]} Nxe5 $1 {[%csl Ra4,Rd6,Gd7][%cal Gd7a4,Gd7d6] This excellent
move solves all defensive problems and decides the game for Black. Dieser
ausgezeichnete Zug löst sämtliche Verteidigungsprobleme und entscheidet die
Partie für Schwarz.} 24. Qc5+ Qc6 25. fxe5 {[%tqu "En","How would you justify
Black's knight sacrifice two moves ago?","Make use of the shaky position of
White's queen and rook.","Use your d8-rook for the decisive blow!","d8d6",
"This excellent move spells a quick end for White.",4,"De","Wie würden Sie das
schwarze Springeropfer zwei Züge zuvor rechtfertigen?","Schlagen Sie Kapital
aus der unsicheren Stellung von Dame und Turm des Weißen.","Versetzen Sie mit
Ihrem Turm d8 den Entscheidungsschlag!","d8d6","Nach diesem ausgezeichneten
Zug geht es mit Weiß schnell zu Ende.",4]} Rxd6 $1 {[%csl Ra4,Rc5,Gc6][%cal
Gc6a4] Winning a piece and the game. Gewinnt eine Figur und die Partie.} 26.
Qe3 ({Or Oder} 26. Qxd6 Qxa4 {, and White's position is hopeless. und die
weiße Stellung ist hoffnungslos.}) 26... Rd5 27. Rfa1 Rhd8 28. Rd4 g5 29. Qxg5
Qxc3 0-1

[Event "Kharkov Rector Cup 4th"]
[Site "Kharkov"]
[Date "2002.03.25"]
[Round "4"]
[White "Kovchan, Alexander"]
[Black "Moiseenko, Alexander"]
[Result "0-1"]
[WhiteElo "2507"]
[BlackElo "2559"]
[Annotator "Atlas,V"]
[PlyCount "104"]
[EventDate "2002.03.22"]
[EventType "tourn"]
[EventRounds "10"]
[EventCountry "UKR"]
[EventCategory "13"]
[SourceTitle "CBM 089"]
[Source "ChessBase"]
[SourceDate "2002.08.12"]
[SourceVersion "1"]
[SourceVersionDate "2002.08.12"]
[SourceQuality "1"]

1. e4 c5 2. Nf3 Nc6 3. d4 cxd4 4. Nxd4 e5 5. Nb5 Nf6 6. N1c3 d6 7. a4 a6 8. Na3
Be6 9. Bc4 Nb4 10. Bg5 Be7 11. Bxf6 Bxf6 12. O-O O-O 13. Nd5 Nc6 14. c3 Bg5 15.
Qe2 Kh8 16. b4 Ne7 17. Rfd1 Rc8 18. a5 Rc6 19. Nb6 Nc8 20. Nd5 Ne7 21. g3 Ng8
22. Nb6 Nf6 23. Qd3 Bg4 24. Re1 h5 25. Bb3 Qe7 26. Nac4 Rd8 27. f3 Be6 28. Nd5
Qf8 29. Ncb6 Bxd5 30. Bxd5 Rc7 31. Bb3 g6 32. Rad1 Kg7 33. h4 Bh6 34. c4 d5 35.
c5 d4 36. Kg2 Rc6 37. Nc4 Qe7 38. Re2 Rdc8 39. Nb6 Rd8 40. Qc4 g5 41. hxg5 Bxg5
42. Nd5 Nxd5 43. exd5 Rg6 44. d6 Qf6 45. Bc2 Rh6 46. Qd5 Be3 47. Kh3 Rdh8 48.
Rg2 h4 49. g4 Qf4 50. g5 Rh5 51. g6 {[%tqu "En","Both kings are not safe, but
Black can strike first. How?","Try to open the h-file by any means!",
"Sacrifice your queen to bring your rooks into play.","f4g3","This is a
brilliant move! Now the mate is inevitable.",6]} Qg3+ $3 {[%csl Rh3][%cal
Gh8h3,Gh4g3,Ge3f4,Ge3f2] After this terrific blow the White king is doomed.}
52. Rxg3 hxg3+ (52... hxg3+ {, and White resigned in view of inevitable mate:}
53. Kg2 (53. Kg4 Rg5#) (53. Kxg3 Rg5#) 53... Rh2+ 54. Kxg3 (54. Kf1 Rf2+ 55.
Kg1 Rxc2+ 56. Kf1 Rh1#) 54... Bf2+ 55. Kg4 R2h4+ 56. Kf5 R8h5# {A spectacular
game conclusion!}) 0-1

[Event "Petrosian Memorial Internet"]
[Site "ICC INT"]
[Date "2004.12.18"]
[Round "1"]
[White "Nataf, Igor Alexandre"]
[Black "Wang, Yue"]
[Result "1-0"]
[WhiteElo "2565"]
[BlackElo "2536"]
[Annotator "Atlas,V"]
[PlyCount "81"]
[EventDate "2004.12.18"]
[EventType "team"]
[EventRounds "6"]
[EventCountry "USA"]
[SourceTitle "CBM 105"]
[Source "ChessBase"]
[SourceDate "2005.04.11"]
[SourceVersion "1"]
[SourceVersionDate "2005.04.11"]
[SourceQuality "1"]

1. e4 c5 2. Nf3 Nc6 3. d4 cxd4 4. Nxd4 Nf6 5. Nc3 e5 6. Ndb5 d6 7. Nd5 Nxd5 8.
exd5 Nb8 9. a4 Be7 10. Be2 O-O 11. O-O Nd7 12. Kh1 a6 13. Na3 b6 14. a5 Bb7 15.
axb6 Nxb6 16. c4 Nd7 17. Nc2 a5 18. Ra3 Bg5 19. f4 exf4 20. Bxf4 Bxf4 21. Rxf4
Re8 22. Rg3 g6 23. Nd4 Ne5 24. h4 Bc8 25. h5 Bd7 26. Bd3 Nxd3 27. Qxd3 Re1+ 28.
Kh2 Qe7 29. Nf3 $1 Re3 30. Qd4 Re8 ({Auf} 30... Be8 {is strongly met by folgt
stark} 31. h6) 31. Ng5 $1 {This energetic move yields White a large advantage.
Dieser energische Zug bringt Weiß großen Vorteil ein.} Rxg3 32. Nxf7 $1 Qe5 33.
Nxe5 dxe5 34. Qa7 $6 ({Much stronger was Viel stärker war} 34. Rf8+ $1 Rxf8 35.
Qa7 $1 {mit ausgezeichneten Gewinnchancen.}) 34... exf4 35. Qxd7 Re2 36. Qc8+
Kg7 $1 ({A terrible mistake, ruthlessly punished by White. Essential was Ein
schrecklicher Fehler, der von Weiß rücksichtslos bestraft wird. Notwendig war} 
36... Kf7 37. Qc7+ Ke8 $1 {, with a draw. mit Remis.}) 37. Qc7+ ({Of course
not Natürlich nicht} 37. Qb7+ $2 Kh6) 37... Kg8 38. Qb8+ Kg7 {[%tqu "En","How
can White conclude the game?","Exploit the shaky position of the black rooks
and watch out for geometrical motifs!","A nice pawn move is the final
culmination of White's combination...","h5h6","That's it! After this elegant
pawn move Black loses a rook.",5,"De","Wie kann Weiß die Partie zum Abschluss
bringen?","Nutzen Sie die unsichere Stellung der schwarzen Türme aus und
achten Sie dabei auf geometrische Motive!","Ein giftiger Bauernzug bildet den
Schlusspunkt der weißen Kombination...","h5h6","Genau so! Nach diesem
eleganten Bauernzug verliert Schwarz einen Turm.",5]} 39. h6+ $1 {[%csl Gb8,
Re2,Rf4,Rg3,Rg7,Gh6] Winning a rook and the game. Gewinnt einen Turm und die
Partie.} Kxh6 (39... Kf7 40. Qxf4+) 40. Qxf4+ Rg5 41. Qf8+ ({Black resigned in
view of: Schwarz gab auf wegen} 41. Qf8+ Kh5 42. Qf3+) 1-0